GIRL IN THE ATTIC (Record no. 3029)
[ view plain ]
| 000 -LEADER | |
|---|---|
| fixed length control field | 00595nam a22001457a 4500 |
| 020 ## - INTERNATIONAL STANDARD BOOK NUMBER | |
| ISBN | 0-689-83680-5 |
| 082 ## - DEWEY DECIMAL CLASSIFICATION NUMBER | |
| Classification number | 823 |
| Item number | MEN/G |
| 100 ## - MAIN ENTRY--AUTHOR NAME | |
| Personal name | MENDES, VALERIE |
| 245 ## - TITLE STATEMENT | |
| Title | GIRL IN THE ATTIC |
| 260 ## - PUBLICATION, DISTRIBUTION, ETC. (IMPRINT) | |
| Place of publication | GREAT BRITAIN |
| Name of publisher | SIMON & SCHUSTER |
| Year of publication | 2002 |
| 300 ## - PHYSICAL DESCRIPTION | |
| Number of Pages | 213 |
| 520 ## - SUMMARY, ETC. | |
| Summary, etc | After tragedy strikes their home, Frederick Chandler—a stern, irritable, violent widower—pulls his teenage daughter, Sydney, out of school and locks her in his attic. He justifies his actions by claiming he's protecting her from a cruel world while homeschooling her. |
| 650 ## - SUBJECT ADDED ENTRY--TOPICAL TERM | |
| Topical Term | NOVEL |
| Geographic subdivision | UNITED KINGDOM |
| 942 ## - ADDED ENTRY ELEMENTS (KOHA) | |
| Koha item type | Books |
| Withdrawn status | Lost status | Collection code | Home library | Current library | Shelving location | Date acquired | Source of acquisition | Full call number | Accession Number | Koha item type |
|---|---|---|---|---|---|---|---|---|---|---|
| Fiction | Main Library | Main Library | 13/02/2010 | purchase | 823 MEN/G | 07885 | Books |